| 000 | 00606nam a2200205 i 4500 | ||
|---|---|---|---|
| 001 | bg | ||
| 100 | 1 | _aWINNICKA, Halina | |
| 245 | 0 |
_aŻagań / _cHalina Winnicka. |
|
| 260 |
_aWarszawa : _b"Książka i Wiedza", _c1973. |
||
| 300 |
_a168, [1] s., [16] s. tabl. : _bfot. rys. ; _c20 cm. |
||
| 490 | 1 | _aBiblioteka Pamięci Pokoleń | |
| 610 | 2 | 9 |
_aObóz jeniecki Sagan _xhistoria |
| 650 | 9 |
_aJeńcy wojenni _y1939-1945 r. |
|
| 830 | _aBiblioteka Pamięci Pokoleń | ||
| 040 | _cBPK | ||
| 041 | 0 | _apol | |
| 080 | _a94(100)"1939/1945"-054.65 | ||
| 942 | _cKS | ||
| 008 | s pl f |000 0 pol | ||
| 999 |
_c46976 _d46976 |
||
| 856 |
_uhttp://koha.tu.koszalin.pl/cgi-bin/koha/opac-detail.pl?biblionumber=46976 _yKatalog online BPK |
||